000 00544nam a2200205 a 4500
001 22762
003 CO-ViMGA
008 141112s2004 ck r 000 u spa d
020 _a8420636851
040 _aCO-ViMGA
_bspa
_cCO-ViMGA
082 0 4 _a882.4 A747m
100 1 _aAristófanes
_932503
245 1 0 _aLas nubes lisístrata dinero
260 _aEspaña :
_bAlianza
300 _a223p.
490 _aEl libro de bolsillo, clasicos de grecia y roma
505 _aLas nubes, Lisístrata, Dinero
650 1 4 _aTEATRO GRIEGO
942 _2ddc
_cBK
999 _c8434
_d8434